000
00284nam a22001337a 4500
008
210301b ||||| |||| 00| 0 eng d
020
_a
9780471472452
041
_a
eng
080
_2
4th
_a
510
100
_a
36
101
_a
MAT
245
_a
Calculus
_c
Hallett,H.D
942
_2
udc
_c
BK
999
_c
55388
_d
55388